000 00378nam a2200145Ia 4500
999 _c523343
_d523343
005 20190131150611.0
008 190125s9999 xx 000 0 und d
040 _cDLC
082 _a891.4393
_bHUS
100 _aMustansar Hussain Tarar
_99703
245 _aPiyar ka Pehla Shehar /
260 _bSang e Meel Publications
_aLahore
_c2012
300 _a262p. :
942 _2ddc
_cBK